Uplatňovanie podnikovej filantropie na Slovensku

Podniková filantropia ako jeden z konceptov spoločensky zodpovedného podnikania predstavuje formu darcovstva zameranú na podporu vzdelávania, inovácií a rozvoja schopností ľudí. Uplatňovanie podnikovej filantropie a spolupráca podnikov s miestnou komunitou.

Salvato in:
Dettagli Bibliografici
Autore principale: Hroncová-Vicianová, Jana
Natura: Capitolo di libro
Lingua:slovacco
Soggetti:
Tags: Aggiungi Tag
Nessun Tag, puoi essere il primo ad aggiungerne!!

MARC

LEADER 00000nla a2200000 4500
001 0185124
005 20221020090049.3
041 0 |a slo 
044 |a SK 
245 1 0 |a Uplatňovanie podnikovej filantropie na Slovensku  |c Jana Hroncová-Vicianová 
520 |a Podniková filantropia ako jeden z konceptov spoločensky zodpovedného podnikania predstavuje formu darcovstva zameranú na podporu vzdelávania, inovácií a rozvoja schopností ľudí. Uplatňovanie podnikovej filantropie a spolupráca podnikov s miestnou komunitou. 
610 2 0 |a podnik 
610 2 0 |a stratégia podniková 
610 2 0 |a podnikanie zodpovedné 
610 2 0 |a zodpovednosť podniku spoločenská 
610 2 0 |a filantropia 
610 2 0 |a dobrovoľníctvo 
100 1 |a Hroncová-Vicianová, Jana